ਪਾਣੀ ਅੰਦਰ ਲੀਕ / (Record no. 48721)

MARC details
000 -LEADER
fixed length control field 02350nam a22003377a 4500
005 - DATE AND TIME OF LATEST TRANSACTION
control field 20090825120337.0
008 - FIXED-LENGTH DATA ELEMENTS--GENERAL INFORMATION
fixed length control field 090728t xxu||||| |||| 00| 0 pun d
010 ## - LCCN (DPL NO)
LC control number PUN-6474 B-425725-729
020 ## - INTERNATIONAL STANDARD BOOK NUMBER
International Standard Book Number 9788171165452
Terms of availability 250.00
035 ## - SYSTEM CONTROL NUMBER
System control number PN-5592
035 ## - SYSTEM CONTROL NUMBER
System control number B-425725-729
037 ## - SOURCE OF ACQUISITION
Source of stock number/acquisition DBAD / PUB
037 ## - SOURCE OF ACQUISITION
Source of stock number/acquisition K.K.Publications(vendor)
040 ## - CATALOGING SOURCE
Original cataloging agency dpl
Language of cataloging pn
082 ## - DEWEY DECIMAL CLASSIFICATION NUMBER
Classification number 853.08
100 ## - MAIN ENTRY--PERSONAL NAME
Personal name ਅਮਰਜੀਤ ਸਿੰਘ
9 (RLIN) 24414
245 ## - TITLE STATEMENT
Title ਪਾਣੀ ਅੰਦਰ ਲੀਕ /
Statement of responsibility, etc ਅਮਰਜੀਤ ਸਿੰਘ
246 ## - VARYING FORM OF TITLE
Title proper/short title Paani ander leek
Remainder of title by Amarjeet singh
260 ## - PUBLICATION, DISTRIBUTION, ETC. (IMPRINT)
Place of publication, distribution, etc ਦਿੱਲੀ
Name of publisher, distributor, etc ਨੈਸ਼ਨਲ ਬੁੱਕ ਸ਼ਾਪ
Date of publication, distribution, etc 2010
270 ## - ADDRESS
Address ਪਲੱਈਅਰ ਗਾਰਡਨ ਮਾਰਕਿਟ, ਚਾਂਦਨੀ ਚੋਕ,
City ਦਿੱਲੀ
Telephone number 011-23264342, 64529291
Electronic mail address nbs-bookshop@rediff mail.com.
Postal code 110 006
300 4# - PHYSICAL DESCRIPTION
Extent 176 ਸਫੇ
Dimensions 22 ਸੇਮੀ (ਸਜਿਲੱਦ)
650 ## - SUBJECT ADDED ENTRY--TOPICAL TERM
9 (RLIN) 24412
942 ## - ADDED ENTRY ELEMENTS (KOHA)
Source of classification or shelving scheme Dewey Decimal Classification
Item type Punjabi Bks
Classification part 853.08
Call number suffix ਅਮਰ
Holdings
Withdrawn status Lost status Source of classification or shelving scheme Damaged status Not for loan Collection code Home library Current library Date acquired Source of acquisition Cost, normal purchase price Total Checkouts Full call number Barcode Date last seen Copy number Cost, replacement price Koha item type Public note
    Dewey Decimal Classification     Non-fiction Bawana Bawana 13/04/2011 K.K.Publications/121/11.3.11/77/4.3.11/28.3.11 250.00 1 853.08 ਅਮਰ B-425728 30/03/2019 1 250.00 Punjabi Bks  
    Dewey Decimal Classification     Non-fiction Central Library Central Library 13/04/2011 K.K.Publications/121/11.3.11/77/4.3.11/28.3.11 250.00 1 853.08 ਅਮਰ B-425725 12/06/2018 1 250.00 Punjabi Bks  
    Dewey Decimal Classification     Non-fiction D.B.Act.Division D.B.Act.Division 22/11/2010 DBAD/PUB 250.00   853.08 ਅਮਰ PN-5592 22/11/2010 1 250.00 Punjabi Bks  
    Dewey Decimal Classification     Non-fiction Patel Nagar Patel Nagar 13/04/2011 K.K.Publications/121/11.3.11/77/4.3.11/28.3.11 250.00   853.08 ਅਮਰ B-425726 13/04/2011 1 250.00 Punjabi Bks  
    Dewey Decimal Classification     Non-fiction Sarojini Nagar Sarojini Nagar 13/04/2011 K.K.Publications/121/11.3.11/77/4.3.11/28.3.11 250.00   853.08 ਅਮਰ B-425727 13/04/2011 1 250.00 Punjabi Bks  
Withdrawn   Dewey Decimal Classification Damaged   Non-fiction Shahdara Branch Shahdara Branch 13/04/2011 K.K.Publications/121/11.3.11/77/4.3.11/28.3.11 250.00   853.08 ਅਮਰ B-425729 13/04/2011 1 250.00 Punjabi Bks This book is withdrawn from circulation due to wear and tear.

© Delhi Public Library
Hit Counter
free hit counter